00369nam a2200145Ia 4500008004100000082001700041100002300058245002600081250000800107260002700115300001300142500002400155650001500179700002900194230524s9999 xx 000 0 und d a658.401bMIS aBishnupriya Mishra 0aFinancial Derivatives aIST aNEW DELHIbExcelc2007 aVIII;243 aQuantity Number: 2 aManagement a Sathya Swaroop Debasish